The Outsiders Characters - Sudden Death! - Statistics

General Stats
  • This quiz has been taken 686 times
  • The average score is 5 of 9
Answers on the Grid
Answers color-coded by a green-red scale on the quiz's grid according to % correct below.
Ponyboy
Unicornguy
Two-Bit
Cherri
Cherry
Dingus
Greg
John
Johnny
Bob
Billy-Bob
Alex
Billy
Sodapop
Minnesoda
Gregory
Heater
Marsha
Christopher
Darry
Pops
Minnie
Terry
Marcia
Dally
Jeremiah
Bartholemew
Bing-Bong
Hinton
Houston
 
Answer Stats
Answer % Correct
Ponyboy
95%
Two-Bit
64%
Johnny
63%
Cherry
62%
Sodapop
58%
Bob
52%
Dally
47%
Darry
40%
Marcia
24%
No matching quizzes found
Score Distribution
Percent of People with Each Score
Percentile by Number Answered
Your Score History
You have not taken this quiz